Administración y desarrolo. Exposiciones y disertaciones / José María Hernández (Registro nro. 4675)

Detalles MARC
000 -LEADER
fixed length control field 00538nam a22001811a 4500
001 - CONTROL NUMBER
control field 4675
003 - CONTROL NUMBER IDENTIFIER
control field OSt
005 - DATE AND TIME OF LATEST TRANSACTION
control field 20260204211942.0
008 - FIXED-LENGTH DATA ELEMENTS--GENERAL INFORMATION
fixed length control field 050905s1981||||dr ||||||b||||||||||spa||
050 ## - LIBRARY OF CONGRESS CALL NUMBER
Classification number 650.0078 H431a
100 ## - ASIENTO PRINCIPAL -- NOMBRE PERSONAL
Personal name Hernández, José María
245 ## - TÍTULO PROPIAMENTE DICHO: SUBTÍTULO
Title Administración y desarrolo. Exposiciones y disertaciones / José María Hernández
264 ## - PRODUCTION, PUBLICATION, DISTRIBUTION, MANUFACTURE, AND COPYRIGHT NOTICE
Place of production, publication, distribution, manufacture Santo Domingo : ONAP
300 ## - PHYSICAL DESCRIPTION
Extensión 241 p
490 ## - MENCIÓN DE SERIE
Series statement Colección estudio administrativos No. 5
650 ## - ASIENTO SECUNDARIO DE MATERIA -- TERMINO TEMÁTICO
Termino Temático Como Elemento de Entrada 1.Administración Pública - DesarrolloÌ
942 ## - ADDED ENTRY ELEMENTS (KOHA)
Source of classification or shelving scheme Dewey Decimal Classification
Koha item type Libros
Existencias
Withdrawn status Lost status Source of classification or shelving scheme Damaged status Not for loan Current library Date acquired Full call number Barcode Date last seen Price effective from Koha item type
    Dewey Decimal Classification Dañado   Biblioteca UTECO 09/09/2019 650.0078 H431A 009135 09/09/2019 09/09/2019 Libros
© 2021 Derechos Reservados UTECO - Teléfono: +1 809-585-2291 - Correo electrónico: biblioteca@uteco.edu.do​  
Código postal 43000 ​​
Dirección: Avenida Universitaria No. 100, 
Cotuí, Provincia Sánchez Ramírez, República Dominicana - RNC: 404-00059-6